favorite crime - Olivia Rodrigo (All Lyrics) - Statistics

General Stats
  • This quiz has been taken 89 times
  • The average score is 193 of 214
Answer Stats
Lyrics % Correct
crime
100%
favorite
100%
I
100%
was
100%
you
100%
your
100%
a
98%
my
98%
that
98%
the
98%
we
98%
did
96%
an
94%
could
94%
do
94%
hope
94%
mine
94%
oh,
94%
on
94%
so
94%
to
94%
all
92%
and
92%
'cause
92%
'cause,
92%
it
92%
just
92%
me
92%
things
92%
call
91%
with
91%
smile
89%
what
89%
every
87%
face
87%
it's
87%
like
87%
loved
87%
say
87%
well,
87%
well
87%
about
85%
but
85%
damage
85%
friends
85%
hate
85%
know
85%
made
85%
going
83%
think
83%
were
83%
you're
83%
as
81%
bad
81%
became
81%
doing
81%
down
81%
look
81%
treat
81%
again
79%
i'd
79%
trouble
79%
yeah,
79%
bittersweet
77%
broke,
77%
broke
77%
heart
77%
let
77%
honey
75%
alibi
74%
crossed
74%
if
74%
line
74%
used
74%
defended
72%
around
70%
baby,
70%
everything
70%
one
70%
scene
70%
bloody
68%
watched
68%
we'd
68%
accomplice,
66%
hands
66%
time
66%
wonder
66%
buried
64%
fled
64%
four
64%
now
64%
siren
62%
sounds
62%
willing
62%
doe
60%
eyed
57%
No matching quizzes found
Score Distribution
Percent of People with Each Score
Percentile by Number Answered
Your Score History
You have not taken this quiz